Catálogo

Introducción a Tomás de Aquino : (Registro nro. 50021)

Detalles MARC
000 -LEADER
fixed length control field 01223cam a2200337 i 4500
001 - CONTROL NUMBER
control field 50021
003 - CONTROL NUMBER IDENTIFIER
control field Mx-PuUPA
005 - DATE AND TIME OF LATEST TRANSACTION
control field 20240410104035.0
008 - FIXED-LENGTH DATA ELEMENTS--GENERAL INFORMATION
fixed length control field 140415s2005 sp r 001 e spa d
020 ## - INTERNATIONAL STANDARD BOOK NUMBER
International Standard Book Number 8432135399
020 ## - INTERNATIONAL STANDARD BOOK NUMBER
International Standard Book Number 9788432141744
040 ## - CATALOGING SOURCE
Original cataloging agency Mx-PuUPA
Language of cataloging spa
Transcribing agency Mx-PuUPA
Modifying agency Mx-PuUPA
Description conventions rda
041 1# - LANGUAGE CODE
Language code of text/sound track or separate title spa
Language code of original ger
100 1# - MAIN ENTRY--PERSONAL NAME
Personal name Pieper, Josef,
Dates associated with a name 1904-1997
Relator term autor
9 (RLIN) 3651
240 10 - UNIFORM TITLE
Uniform title Hinführung zu Thomas von Aquin. Zwölf vorlesungen.
Language of a work Español
245 10 - TITLE STATEMENT
Title Introducción a Tomás de Aquino :
Remainder of title doce lecciones /
Statement of responsibility, etc. Josef Pieper ; [traductor], Ramón Cercós
250 ## - EDITION STATEMENT
Edition statement Primera edición
264 #1 - PRODUCTION, PUBLICATION, DISTRIBUTION, MANUFACTURE, AND COPYRIGHT NOTICE
Place of production, publication, distribution, manufacture Madrid :
Name of producer, publisher, distributor, manufacturer Ediciones Rialp,
Date of production, publication, distribution, manufacture, or copyright notice ©2005
300 ## - PHYSICAL DESCRIPTION
Extent 182 páginas ;
Dimensions 20 cm.
336 ## - CONTENT TYPE
Content type term texto
Fuente rdacontent
Content type code txt
337 ## - MEDIA TYPE
Media type term sin medio
Source rdamedia
Media type code n
338 ## - CARRIER TYPE
Carrier type term volumen
Source rdacarrier
Carrier type code nc
490 0# - SERIES STATEMENT
Series statement Biblioteca del Cincuentenario
600 14 - SUBJECT ADDED ENTRY--PERSONAL NAME
Personal name Tomás de Aquino
650 #7 - SUBJECT ADDED ENTRY--TOPICAL TERM
Topical term or geographic name entry element Antropología filosofíca
Source of heading or term armarc
700 1# - ADDED ENTRY--PERSONAL NAME
Personal name Cercós, Ramón,
Relator term trdauctor
765 0# - ORIGINAL LANGUAGE ENTRY
Main entry heading Pieper, Josef, 1904-1997
Place, publisher, and date of publication München : Verlag GMBH & Co., ©1986
Title Hinführung zu Thomas von Aquin. Zwölf vorlesungen.
942 ## - ADDED ENTRY ELEMENTS (KOHA)
Source of classification or shelving scheme Dewey Decimal Classification
Koha item type Libro
Classification part 189.4
Item part P613
Existencias
Withdrawn status Lost status Source of classification or shelving scheme Damaged status Not for loan Collection code Home library Current library Shelving location Date acquired Source of acquisition Full call number Barcode Date last seen Date last checked out Price effective from Koha item type Total Checkouts Copy number
    Dewey Decimal Classification   Consulta en sala Magisterial Biblioteca Karol Wojtyla Biblioteca Karol Wojtyla Sala general 16/03/2017 Compra 189.4 P613 2005 97158 17/07/2023 02/07/2018 16/03/2017 Magisterial    
    Dewey Decimal Classification     General Biblioteca Karol Wojtyla Biblioteca Karol Wojtyla Sala general 03/12/2013 Compra 189.4 P613 2005 74716 05/01/2026 12/05/2023 16/03/2017 Libro 2 Ej.2